Miasta Mistrzostw Świata w Piłce Nożnej 2026 - Statystyki

Ogólne statystyki
  • Ten quiz został rozwiązany 75 razy
  • Średni wynik to 9 z 16
Statystyki odpowiedzi
Kraj Miasto % Poprawnych
Stany Zjednoczone East Rutherford
87%
Stany Zjednoczone Inglewood
86%
Meksyk Meksyk
80%
Stany Zjednoczone Miami Gardens
74%
Kanada Toronto
73%
Kanada Vancouver
60%
Stany Zjednoczone Foxborough
57%
Stany Zjednoczone Santa Clara
57%
Stany Zjednoczone Arlington
54%
Stany Zjednoczone Houston
54%
Meksyk Zapopan
49%
Stany Zjednoczone Seattle
46%
Stany Zjednoczone Atlanta
40%
Stany Zjednoczone Filadelfia
39%
Meksyk Guadalupe
33%
Stany Zjednoczone Kansas City
21%
Nie znaleziono quizów pasujących do podanych kryteriów
Rozkład punktacji
Procent ludzi z każdym wynikiem
Percentyl według liczby udzielonych odpowiedzi
Twoja historia wyników
Nie rozwiązałeś tego quizu